[Event "Championnat de France des Jeunes - Pupillettes"]
[Site "MONTLUCON"]
[Date "2011.04.21"]
[Round "6.6"]
[White "Koch, Pauline"]
[Black "Mutschler, Marie"]
[Result "0-1"]
[WhiteElo "1420"]
[BlackElo "1610"]
[PlyCount "126"]

1. d4 Nf6 2. c4 g6 3. Bg5 Bg7 4. Nc3 h6 5. Bh4 g5 6. Bg3 d6 7. e3 O-O 8. Nf3
Nbd7 9. Bd3 Nh5 10. Ne4 e5 11. O-O f5 12. Qc2 fxe4 13. Bxe4 Nhf6 14. Bd3 Qe7
15. e4 exd4 16. Nxd4 Nxe4 17. Rfe1 Bxd4 18. Rxe4 Be5 19. b4 Qg7 20. Rae1 b6 21.
R4e3 Bb7 22. Be4 Bxe4 23. Qxe4 Rae8 24. Qc6 Kh7 25. Qe4+ Qg6 26. Qd5 Bxg3 27.
hxg3 Rxe3 28. Rxe3 Ne5 29. Qe4 Qxe4 30. Rxe4 Nd3 31. Re7+ Kg6 32. f3 Nxb4 33.
Rxc7 Rf7 34. Rc8 Rd7 35. Kf2 Nxa2 36. Ke3 d5 37. cxd5 Rxd5 38. Rc6+ Kf5 39. g4+
Ke5 40. Rxh6 Rb5 41. Rh5 Kd6 42. f4 Ke6 43. Rxg5 Rxg5 44. fxg5 Kf7 45. g6+ Kxg6
46. Kf4 a5 47. g5 Nc3 48. Kf3 a4 49. Ke3 a3 50. Kd3 a2 51. Kxc3 a1=Q+ 52. Kb4
Kxg5 53. Kb5 Qc3 54. Kxb6 Qc4 55. Ka7 Qb5 56. Ka8 Kf6 57. g4 Kg5 58. Ka7 Kxg4
59. Ka8 Kf5 60. Ka7 Ke6 61. Ka8 Kd7 62. Ka7 Kc8 63. Ka8 Qb7# 0-1

[Event "Championnat de France des Jeunes - Pupillettes"]
[Site "MONTLUCON"]
[Date "2011.04.21"]
[Round "6.7"]
[White "Le Bihan, Alison"]
[Black "Darroux, Laure"]
[Result "1-0"]
[WhiteElo "1600"]
[BlackElo "1400"]
[PlyCount "51"]

1. d4 d5 2. Nf3 Bg4 3. g3 Nc6 4. Bg2 Nf6 5. O-O e6 6. c4 Qd7 7. Ne5 Nxe5 8.
dxe5 Ng8 9. cxd5 exd5 10. Bxd5 O-O-O 11. Nc3 Bb4 12. Qb3 c6 13. Qxb4 cxd5 14.
Qc5+ Kb8 15. f3 Bh3 16. Rd1 Ne7 17. Bg5 Rc8 18. Qxe7 Qxe7 19. Bxe7 Rhe8 20.
Bd6+ Ka8 21. Rac1 a6 22. Nxd5 Rxc1 23. Rxc1 Ka7 24. Rc7 Kb8 25. Rd7+ Ka7 26.
Bc5+ 1-0

[Event "Championnat de France des Jeunes - Pupillettes"]
[Site "MONTLUCON"]
[Date "2011.04.21"]
[Round "6.8"]
[White "Bellahcene, Anissa"]
[Black "Leriche, Ines"]
[Result "0-1"]
[WhiteElo "1413"]
[BlackElo "1585"]
[PlyCount "40"]

1. e4 c6 2. d4 d5 3. Nc3 dxe4 4. Nxe4 Bf5 5. Ng3 Bg6 6. h4 h6 7. h5 Bh7 8. Nf3
Nd7 9. Bd3 Bxd3 10. Qxd3 Qc7 11. Bd2 e6 12. O-O-O Ngf6 13. Qe2 Bd6 14. Nf5 Bf4
15. Kb1 O-O-O 16. Ne3 Ne4 17. g3 Bxe3 18. Bxe3 Ndf6 19. Bf4 Qb6 20. c4 Nc3+ 0-1

[Event "Championnat de France des Jeunes - Pupillettes"]
[Site "MONTLUCON"]
[Date "2011.04.21"]
[Round "6.9"]
[White "Tournebise, Nikita"]
[Black "Bartels, Karina"]
[Result "0-1"]
[WhiteElo "1560"]
[BlackElo "1390"]
[PlyCount "72"]

1. e4 e6 2. Nf3 d5 3. e5 Nc6 4. d4 f6 5. Bb5 Bd7 6. O-O fxe5 7. Nxe5 Nxe5 8.
Be2 Nc6 9. Nc3 Bd6 10. f4 Nf6 11. Be3 O-O 12. Bd3 Qe8 13. Rf3 Qh5 14. Be2 Qg6
15. Rg3 Qe8 16. Bd3 Ne4 17. Bxe4 dxe4 18. Qg4 Qf7 19. Nxe4 e5 20. Qg5 h6 21.
Qxh6 exf4 22. Nxd6 fxg3 23. Nxf7 gxh6 24. Nxh6+ Kh7 25. h3 Nxd4 26. Bxd4 Kxh6
27. Rd1 Bb5 28. b3 Rad8 29. Be3+ Kh7 30. Ra1 Rf7 31. c4 Bc6 32. Rc1 Re8 33. Bd4
Re2 34. Ra1 Rxg2+ 35. Kh1 Rxa2+ 36. Kg1 Rxa1+ 0-1

[Event "Championnat de France des Jeunes - Pupillettes"]
[Site "MONTLUCON"]
[Date "2011.04.21"]
[Round "6.10"]
[White "Guerin, Juliette"]
[Black "Mata, Maria"]
[Result "0-1"]
[WhiteElo "1530"]
[BlackElo "1250"]
[PlyCount "84"]

1. e4 e5 2. Bc4 Nf6 3. d3 Bc5 4. Nc3 Nc6 5. Nf3 O-O 6. Bg5 h6 7. Bh4 Be7 8. O-O
d6 9. h3 Be6 10. Bb3 Nh5 11. Bxe7 Qxe7 12. Bxe6 Qxe6 13. Nd5 Rac8 14. Nh4 Nf6
15. c4 Nd4 16. Nf5 Nxf5 17. exf5 Qd7 18. Nxf6+ gxf6 19. Qg4+ Kh7 20. Rfe1 Qc6
21. Qe4 Qxe4 22. dxe4 Rg8 23. Re3 Rg7 24. Kf1 Rcg8 25. g4 h5 26. f3 Kh6 27. Ke2
Kg5 28. Rh1 Kf4 29. Rg1 Rh8 30. Kd3 a6 31. a3 b5 32. b3 c6 33. Kd2 Rb8 34. cxb5
axb5 35. h4 Ra8 36. b4 c5 37. Rb3 c4 38. Rc3 hxg4 39. fxg4 Rxg4 40. Rf1+ Kxe4
41. Rh3 Rg2+ 42. Kc3 Rxa3# 0-1

[Event "Championnat de France des Jeunes - Pupillettes"]
[Site "MONTLUCON"]
[Date "2011.04.22"]
[Round "7.1"]
[White "Hug, Roxana"]
[Black "Afraoui, Anaelle"]
[Result "0-1"]
[Result "0-1"]
[WhiteElo "1550"]
[BlackElo "1503"]
[Annotator ""]

1. d4 d5 2. c4 dxc4 3. e4 e5 4. Nf3 exd4 5. Qxd4 Qxd4 6. Nxd4 a6 7. Bxc4 Bc5 8.
Nf3 Nf6 9. Bd3 Nc6 10. Bf4 Nb4 11. Ke2 Ng4 12. Bg3 Nxd3 13. Kxd3 Nxf2+ 14. Bxf2
Bxf2 15. Nc3 O-O 16. Ke2 Bc5 17. Rad1 h6 18. Rd3 Be6 19. Rhd1 Bc4 20. Ne5 Bxd3+
21. Rxd3 Rfd8 22. Nd5 c6 23. Nc3 Rxd3 24. Nxd3 Bd4 25. Nb1 Re8 26. Kf3 c5 27.
b3 f5 28. Ne1 fxe4+ 29. Ke2 Kf7 30. Na3 b5 31. h3 Kf6 32. Nac2 g5 33. g4 Ke5
34. Ne3 Bxe3 35. Kxe3 c4 36. b4 Rd8 0-1

[Event "Championnat de France des Jeunes - Pupillettes"]
[Site "MONTLUCON"]
[Date "2011.04.22"]
[Round "7.2"]
[White "Chung, Mathilde"]
[Black "Gtari, Aliya"]
[Result "1-0"]
[WhiteElo "1668"]
[BlackElo "1450"]
[PlyCount "93"]

1. d4 d5 2. Nf3 Nf6 3. c4 c6 4. Nc3 e6 5. e3 Bd6 6. Bd3 Nbd7 7. O-O O-O 8. c5
Bc7 9. b4 a6 10. Bb2 Qe7 11. Nd2 e5 12. a3 Re8 13. h3 Nf8 14. a4 Bd7 15. Nb3
Red8 16. b5 axb5 17. axb5 b6 18. bxc6 Bxc6 19. Qc2 e4 20. Be2 Ne6 21. Rxa8 Rxa8
22. cxb6 Bxb6 23. Nxe4 Ba4 24. Nxf6+ Qxf6 25. Ra1 Qd8 26. Qd3 Qd7 27. Rc1 Rb8
28. Ba3 Bc7 29. Nc5 Nxc5 30. Bxc5 Rc8 31. Ra1 Rb8 32. Qa6 Bc6 33. Bg4 Qe8 34.
Qd3 Ba4 35. Rb1 Bb5 36. Qf5 h6 37. Qxd5 Rd8 38. Qb7 Bd3 39. Rd1 Bc2 40. Rc1 Bb8
41. Rxc2 Qa4 42. Qb2 Bc7 43. Qa2 Qxa2 44. Rxa2 Rb8 45. g3 g6 46. d5 f5 47. Ra7
1-0

[Event "Championnat de France des Jeunes - Pupillettes"]
[Site "MONTLUCON"]
[Date "2011.04.22"]
[Round "7.3"]
[White "Leriche, Ines"]
[Black "Broly, Mathilde"]
[Result "0-1"]
[WhiteElo "1585"]
[BlackElo "1634"]
[PlyCount "66"]
[EventDate "2011.??.??"]

1. Nf3 b6 2. d4 Bb7 3. Nbd2 f5 4. g3 g6 5. Bg2 Bg7 6. O-O Nf6 7. c4 e6 8. b3
O-O 9. Bb2 Ne4 10. Qc2 Qe7 11. Ne1 d5 12. Nd3 Nd7 13. Nf3 Rac8 14. Nfe5 Nxe5
15. Nxe5 f4 16. cxd5 exd5 17. Nc6 Qd7 18. Rac1 Ng5 19. Bxd5+ Kh8 20. Bg2 f3 21.
exf3 Nxf3+ 22. Bxf3 Rxf3 23. Ne5 Qh3 24. Qe2 Re8 25. Rxc7 Bd5 26. Rxa7 Rxe5 27.
dxe5 Rf7 28. f3 Rxa7 29. Bd4 Rb7 30. Qa6 Qc8 31. f4 h6 32. Bxb6 Qc2 33. Bf2 Qe4
0-1

[Event "Championnat de France des Jeunes - Pupillettes"]
[Site "MONTLUCON"]
[Date "2011.04.22"]
[Round "7.4"]
[White "Mutschler, Marie"]
[Black "Hadji, Rasmie"]
[Result "0-1"]
[WhiteElo "1610"]
[BlackElo "1440"]
[PlyCount "66"]

1. d4 d5 2. Nf3 e6 3. e3 Nf6 4. c4 b6 5. Nc3 Bb7 6. Bd3 Be7 7. O-O c5 8. e4
dxe4 9. Nxe4 Nxe4 10. Qa4+ Qd7 11. Qc2 Nf6 12. Bg5 h6 13. Bxf6 Bxf6 14. dxc5
Nc6 15. cxb6 Nb4 16. Qb3 Nxd3 17. Rad1 O-O 18. Rxd3 Qc6 19. bxa7 Rxa7 20. Rfd1
Ba6 21. Rc1 Rb7 22. Qc2 Rxb2 23. Qd1 Rxa2 24. Nd4 Bxd4 25. Rxd4 Qc5 26. Rg4
Qxf2+ 27. Kh1 Qc5 28. Qb3 Re2 29. Qc3 Qe5 30. Qb4 Rb8 31. Re4 Rxe4 32. Qd2 Rb2
33. Qd1 Re1+ 34. Qxe1 Qxe1+ 35. Rxe1 Bxc4 36. h4 Bd5 37. Rg1 Kf8 38. Kh2 Ke7
39. Kg3 Kf6 40. h5 Kg5 41. Kh3 Kxh5 42. g4+ Kg5 43. Kg3 Rg2+ 44. Kh3 Rxg1 45.
Kh2 Rxg4 46. Kh3 e5 47. Kh2 e4 48. Kh3 e3 49. Kh2 e2 50. Kh3 e1=Q 51. Kh2 Rh4#
0-1

[Event "Championnat de France des Jeunes - Pupillettes"]
[Site "MONTLUCON"]
[Date "2011.04.22"]
[Round "7.5"]
[White "Malferrari, Sofia"]
[Black "Aubert, Laurane"]
[Result "0-1"]
[WhiteElo "1606"]
[BlackElo "1420"]
[PlyCount "122"]
[EventDate "2011.??.??"]

1. e4 e5 2. f4 exf4 3. Nf3 d6 4. Bc4 g5 5. h4 f6 6. hxg5 fxg5 7. Bxg8 Rxg8 8.
Rxh7 Be6 9. d4 Nd7 10. Nbd2 Bg7 11. c3 Qf6 12. Nb3 Qg6 13. Rh1 Qxe4+ 14. Kf2
Bf6 15. Re1 Qd5 16. c4 Qxc4 17. d5 Be5 18. dxe6 Qxe6 19. Nbd4 Qd5 20. Qb3 Qxb3
21. Nxb3 O-O-O 22. Bd2 Bxb2 23. Rab1 Bf6 24. Na5 Nc5 25. Kf1 Rh8 26. Ke2 Rde8+
27. Kd1 Rxe1+ 28. Nxe1 Re8 29. Nc2 Re4 30. Bb4 Na4 31. Bd2 b6 32. Nc6 Kb7 33.
Na5+ Ka8 34. Nb3 Bc3 35. Bc1 Bf6 36. Kd2 Re7 37. Nbd4 g4 38. Ba3 Rf7 39. Rf1
Bg5 40. Kd3 Nc5+ 41. Bxc5 dxc5 42. Ne6 Bh6 43. Rh1 Bg7 44. Rh7 Re7 45. Rxg7
Rxe6 46. Rxg4 Rd6+ 47. Kc3 Rf6 48. Na3 f3 49. gxf3 Rxf3+ 50. Kb2 Kb7 51. Nb5 a6
52. Nc3 b5 53. Nd5 Rf2+ 54. Ka3 Kc6 55. Ne7+ Kd7 56. Rg7 Ke6 57. Nc6 Kd6 58.
Rg6+ Kd5 59. Ne7+ Kc4 60. Rxa6 b4+ 61. Ka4 Rxa2# 0-1

[Event "Championnat de France des Jeunes - Pupillettes"]
[Site "MONTLUCON"]
[Date "2011.04.22"]
[Round "7.6"]
[White "Bartels, Karina"]
[Black "Le Bihan, Alison"]
[Result "1-0"]
[WhiteElo "1390"]
[BlackElo "1600"]
[PlyCount "103"]

1. e4 c5 2. a3 g6 3. b4 Bg7 4. Nc3 cxb4 5. axb4 Nc6 6. b5 Nd4 7. Nf3 Nxf3+ 8.
Qxf3 d6 9. Bb2 Nf6 10. Be2 O-O 11. O-O Bg4 12. Qe3 Bxe2 13. Qxe2 Qb6 14. Na4
Qc7 15. Bc3 d5 16. exd5 Nxd5 17. Bxg7 Kxg7 18. c4 Nf4 19. Qe4 Rfd8 20. d4 Ne6
21. d5 Nc5 22. Qd4+ e5 23. Qxc5 Qxc5 24. Nxc5 b6 25. Ne4 f5 26. Ng5 Rdc8 27.
Rac1 h6 28. Nf3 e4 29. Nd4 a5 30. Nc6 Rc7 31. Rfd1 a4 32. d6 Rd7 33. Ne5 Rdd8
34. d7 a3 35. Nc6 a2 36. Nxd8 Rxd8 37. Ra1 Kf7 38. Rxa2 Ke7 39. Ra6 Rxd7 40.
Rxd7+ Kxd7 41. Rxb6 g5 42. Rxh6 f4 43. b6 e3 44. fxe3 fxe3 45. Kf1 Kc8 46. Rh7
g4 47. b7+ Kb8 48. c5 Ka7 49. c6 Kb8 50. Ke2 g3 51. hxg3 Ka7 52. Rh8 1-0

[Event "Championnat de France des Jeunes - Pupillettes"]
[Site "MONTLUCON"]
[Date "2011.04.22"]
[Round "7.7"]
[White "Mata, Maria"]
[Black "Guerlain, Melanie"]
[Result "0-1"]
[WhiteElo "1250"]
[BlackElo "1500"]
[PlyCount "146"]

1. e4 e6 2. d4 d5 3. Nc3 Nf6 4. Bg5 Be7 5. Bxf6 Bxf6 6. e5 Be7 7. Nf3 c5 8. Be2
Nc6 9. O-O O-O 10. Nb1 cxd4 11. Nxd4 Nxe5 12. Nd2 Bd7 13. Re1 Nc6 14. N2f3 Nxd4
15. Qxd4 Bf6 16. Qb4 Qc7 17. c4 dxc4 18. Bxc4 Bc6 19. Rac1 Qe7 20. Qxe7 Bxe7
21. Ne5 Rac8 22. Nxc6 Rxc6 23. Bb3 Rxc1 24. Rxc1 Bf6 25. Rc7 Rb8 26. Rc2 Rd8
27. Rc7 Rb8 28. Rc2 b6 29. Ba4 a6 30. f4 g6 31. Kf2 Kf8 32. Bc6 Rc8 33. Ke3
Bxb2 34. Rxb2 Rxc6 35. a4 Ke7 36. g4 f6 37. h4 h6 38. Ke4 f5+ 39. gxf5 exf5+
40. Kd5 Kd7 41. Ke5 Ke7 42. Kd5 Rd6+ 43. Ke5 Re6+ 44. Kd5 Kf6 45. h5 gxh5 46.
Rh2 Re4 47. Rxh5 Kg6 48. Rh4 Rxa4 49. Rh3 Rxf4 50. Rc3 Kg5 51. Rc6 h5 52. Rxb6
a5 53. Ra6 a4 54. Ra8 Re4 55. Rg8+ Kf4 56. Rh8 a3 57. Rxh5 a2 58. Rh1 Re5+ 59.
Kc4 Ra5 60. Ra1 Ke3 61. Kb3 f4 62. Rxa2 Rxa2 63. Kxa2 f3 64. Kb2 f2 65. Kc2
f1=Q 66. Kc3 Qd3+ 67. Kb4 Qc2 68. Kb5 Kd4 69. Kb4 Qc4+ 70. Ka5 Qb3 71. Ka6 Kc5
72. Ka7 Kc6 73. Ka8 Qb7# 0-1

[Event "Championnat de France des Jeunes - Pupillettes"]
[Site "MONTLUCON"]
[Date "2011.04.22"]
[Round "7.8"]
[White "Robert, Youmna"]
[Black "Azouni, Anais"]
[Result "1-0"]
[WhiteElo "1120"]
[BlackElo "1396"]
[PlyCount "43"]

1. e4 e6 2. d4 d5 3. e5 c5 4. c3 Qb6 5. a3 a5 6. Nf3 Nc6 7. Be2 f6 8. exf6 Nxf6
9. O-O cxd4 10. cxd4 Bd6 11. Nc3 O-O 12. Be3 Qxb2 13. Na4 Qxa3 14. Rxa3 Bxa3
15. Nb6 Ra7 16. Ne5 Ne4 17. Bd3 Nc3 18. Qc2 Ne4 19. Bxe4 dxe4 20. Qxe4 Rd8 21.
Nxc8 Rxc8 22. d5 1-0

[Event "Championnat de France des Jeunes - Pupillettes"]
[Site "MONTLUCON"]
[Date "2011.04.22"]
[Round "7.9"]
[White "Phan, Tamara"]
[Black "Retailleau, Elise"]
[Result "0-1"]
[WhiteElo "1350"]
[BlackElo "1350"]
[PlyCount "60"]

1. e4 c5 2. Nf3 d6 3. d4 cxd4 4. Nxd4 Nf6 5. Nc3 g6 6. Be2 Bg7 7. O-O O-O 8.
Be3 Nc6 9. Qd2 Nxd4 10. Bxd4 Be6 11. Be3 Qa5 12. Bh6 a6 13. Bxg7 Kxg7 14. Rfe1
Nxe4 15. Qd4+ Nf6 16. Bd3 Rac8 17. Ne4 Qd5 18. Qxd5 Bxd5 19. Nxf6 Kxf6 20. f4
Bc4 21. Bxc4 Rxc4 22. g3 Rxc2 23. b3 Rfc8 24. Rf1 Rb2 25. Rf2 Rcc2 26. Rxc2
Rxc2 27. h3 h6 28. g4 g5 29. fxg5+ hxg5 30. Rf1+ Kg6 0-1

[Event "Championnat de France des Jeunes - Pupillettes"]
[Site "MONTLUCON"]
[Date "2011.04.22"]
[Round "7.10"]
[White "Grothe, Alice"]
[Black "Tournebise, Nikita"]
[Result "0-1"]
[WhiteElo "1310"]
[BlackElo "1560"]
[PlyCount "134"]

1. d4 d5 2. Nf3 g6 3. e3 Bg7 4. c4 e6 5. Qb3 Nf6 6. Be2 b6 7. Ne5 Bb7 8. O-O
O-O 9. Nc3 Ne4 10. h3 Qg5 11. f4 Qd8 12. Bf3 Nxc3 13. Qxc3 Nd7 14. Nxd7 Qxd7
15. Bd2 c5 16. b4 Rab8 17. bxc5 bxc5 18. cxd5 cxd4 19. exd4 Bxd5 20. Bxd5 Qxd5
21. Be3 Rfd8 22. Rad1 Rd7 23. Rd2 Rbd8 24. Rfd1 Qe4 25. Kf2 g5 26. fxg5 e5 27.
Qd3 Qh4+ 28. Kf3 exd4 29. Bf4 Qh5+ 30. Kg3 Be5 31. Qf3 Qxg5+ 32. Kf2 Qxf4 33.
Rd3 Qxf3+ 34. gxf3 Rc8 35. R1d2 Rc4 36. Re2 f6 37. Re4 Rc2+ 38. Re2 Bg3+ 39.
Kf1 Rxe2 40. Kxe2 Re7+ 41. Kf1 Rd7 42. Kg1 Be5 43. Kf2 Kf7 44. Ke2 Kg6 45. Kf2
Rc7 46. Rd2 Rc4 47. Ke1 Rc3 48. Rg2+ Kf7 49. Rf2 Bg3 50. f4 Bxf2+ 51. Kxf2 Rxh3
52. a4 Ke6 53. Kg2 Re3 54. a5 d3 55. Kf2 d2 56. Kxe3 d1=Q 57. a6 h5 58. f5+ Ke7
59. Kf2 h4 60. Kg2 Qg4+ 61. Kf1 h3 62. Kf2 h2 63. Ke3 h1=Q 64. Kf2 Qhf3+ 65.
Ke1 Qg1+ 66. Kd2 Qgg2+ 67. Ke1 Qgf1+ 0-1

[Event "Championnat de France des Jeunes - Pupillettes"]
[Site "MONTLUCON"]
[Date "2011.04.23"]
[Round "8.1"]
[White "Afraoui, Anaelle"]
[Black "Chung, Mathilde"]
[Result "0-1"]
[WhiteElo "1503"]
[BlackElo "1668"]
[Annotator ""]

1. e4 c5 2. Nf3 Nc6 3. d4 cxd4 4. Nxd4 Qb6 5. Nb3 Nf6 6. Nc3 e6 7. Be3 Qc7 8.
a3 Be7 9. Bd3 a6 10. Na4 b5 11. Nb6 Rb8 12. Nxc8 Rxc8 13. f4 d5 14. e5 Nd7 15.
O-O Na5 16. Nxa5 Qxa5 17. Qf3 g6 18. h3 Qc7 19. b4 Nb6 20. Qf2 Nc4 21. Bxc4
Qxc4 22. Rfc1 Kd7 23. Rab1 Qc6 24. Rb3 Qb7 25. Rd1 Rc4 26. Rd4 Rhc8 27. Rxc4
Rxc4 28. Rd3 Qc6 29. Rd2 Rc3 30. Bb6 Rxa3 31. Ba5 Bc5 32. Qxc5 Qxc5+ 33. bxc5
Rxa5 34. Rd3 Kc6 35. Rc3 b4 36. Rb3 Rb5 37. Kf2 a5 38. Ke2 Rxc5 39. Kd2 Rc4 40.
g3 Kc5 41. Kc1 Rc3 42. Kb2 Kc4 43. Rxc3+ bxc3+ 44. Ka3 d4 45. Ka2 d3 46. Kb1 d2
47. Ka2 d1=Q 48. Ka3 Qa1# 0-1

[Event "Championnat de France des Jeunes - Pupillettes"]
[Site "MONTLUCON"]
[Date "2011.04.23"]
[Round "8.2"]
[White "Aubert, Laurane"]
[Black "Hug, Roxana"]
[Result "0-1"]
[WhiteElo "1420"]
[BlackElo "1550"]
[PlyCount "120"]

1. e4 c5 2. Nc3 Nc6 3. g3 Nf6 4. Bg2 d6 5. d3 g6 6. f4 Bg7 7. Nf3 Bg4 8. O-O h5
9. Be3 h4 10. Bf2 hxg3 11. Bxg3 Qd7 12. Qd2 Nh5 13. Qf2 Bxf3 14. Qxf3 Nd4 15.
Qd1 Nxg3 16. hxg3 Nc6 17. Re1 Bd4+ 18. Kf1 O-O-O 19. Rb1 Rh2 20. Ne2 Rdh8 21.
Nxd4 Nxd4 22. c3 Rh1+ 23. Bxh1 Rxh1+ 24. Kf2 Rh2+ 25. Ke3 Nc2+ 26. Kf3 Nxe1+
27. Qxe1 d5 28. e5 Qb5 29. e6 Qxd3+ 30. Kg4 Qf5+ 31. Kf3 g5 32. Qe5 g4+ 33. Ke3
Qxe5+ 34. fxe5 fxe6 35. Kf4 Re2 36. Kxg4 Rxe5 37. Rh1 Kd7 38. Rh5 Rxh5 39. Kxh5
d4 40. cxd4 cxd4 41. g4 d3 42. g5 d2 43. g6 d1=Q+ 44. Kh6 Qg1 45. g7 e5 46. Kh7
e4 47. b4 e3 48. a4 e2 49. b5 Qxg7+ 50. Kxg7 e1=Q 51. b6 a6 52. a5 Qf2 53. Kg6
e5 54. Kg5 e4 55. Kg6 e3 56. Kg5 e2 57. Kg4 e1=R 58. Kh3 Re3+ 59. Kg4 Rg3+ 60.
Kh4 Qh2# 0-1

[Event "Championnat de France des Jeunes - Pupillettes"]
[Site "MONTLUCON"]
[Date "2011.04.23"]
[Round "8.3"]
[White "Broly, Mathilde"]
[Black "Hadji, Rasmie"]
[Result "1/2-1/2"]
[WhiteElo "1634"]
[BlackElo "1440"]
[PlyCount "123"]

1. c4 e5 2. d3 Nf6 3. g3 Nc6 4. Bg2 Bc5 5. Nf3 O-O 6. O-O h6 7. Nc3 Re8 8. Nd2
d6 9. a3 Bd4 10. e3 Bxc3 11. bxc3 Qd7 12. Bb2 Rd8 13. e4 Qe7 14. d4 Na5 15. Re1
b6 16. f4 Ba6 17. Qe2 Qe8 18. Rac1 Qe6 19. h3 Re8 20. f5 Qd7 21. Qe3 Bxc4 22.
g4 Qe7 23. Rc2 Nh7 24. Nf3 Ng5 25. Nh2 Bb3 26. Rf2 Nc4 27. Qg3 Nxb2 28. Rxb2
Bc4 29. h4 Nh7 30. Rb4 Ba6 31. Nf3 Bb7 32. g5 h5 33. d5 g6 34. Bh3 a5 35. Rb3
Rab8 36. Kh2 Ra8 37. Rf1 Qd8 38. Nd2 Ba6 39. Rf2 Rf8 40. Rb1 Rb8 41. a4 Ra8 42.
c4 Kg7 43. Rbf1 Bc8 44. Nf3 Ba6 45. Nd2 Bc8 46. Rg1 Ba6 47. Rgg2 Bc8 48. Nf3
Ba6 49. fxg6 fxg6 50. Be6 Bc8 51. Kh1 Qe7 52. Qh3 Bxe6 53. dxe6 Rae8 54. Nd2
Qxe6 55. Qxe6 Rxe6 56. Rxf8 Nxf8 57. Rf2 Nd7 58. Nb3 Nc5 59. Nxc5 dxc5 60. Rd2
Rd6 61. Rxd6 cxd6 62. Kg2 1/2-1/2

[Event "Championnat de France des Jeunes - Pupillettes"]
[Site "MONTLUCON"]
[Date "2011.04.23"]
[Round "8.4"]
[White "Retailleau, Elise"]
[Black "Bartels, Karina"]
[Result "0-1"]
[WhiteElo "1350"]
[BlackElo "1390"]
[PlyCount "52"]

1. e4 e6 2. d4 b5 3. Bxb5 Bb7 4. Nc3 Bb4 5. Bd3 f5 6. f3 Bxc3+ 7. bxc3 fxe4 8.
fxe4 Bxe4 9. Nf3 Bxd3 10. Qxd3 Nf6 11. O-O O-O 12. Bg5 d5 13. Ne5 Qd6 14. Qg3
Ne4 15. Rxf8+ Qxf8 16. Qe3 Qd6 17. Bf4 Nc6 18. Rb1 Nxe5 19. Bxe5 Qa3 20. Bxc7
Qxa2 21. Rc1 Qc4 22. Ba5 Rc8 23. Qh3 Rc6 24. Ra1 Nxc3 25. Bxc3 Qxc3 26. Rxa7
Qe1# 0-1

[Event "Championnat de France des Jeunes - Pupillettes"]
[Site "MONTLUCON"]
[Date "2011.04.23"]
[Round "8.5"]
[White "Guerlain, Melanie"]
[Black "Robert, Youmna"]
[Result "1-0"]
[WhiteElo "1500"]
[BlackElo "1120"]
[PlyCount "45"]

1. c4 e5 2. Nc3 Nf6 3. g3 d5 4. cxd5 Nxd5 5. Bg2 Be6 6. d3 Bb4 7. Bd2 c6 8. Nf3
Na6 9. Nxe5 O-O 10. Nf3 h6 11. O-O Re8 12. Qc2 Bf5 13. e4 Bxc3 14. bxc3 Nxc3
15. Bxc3 Bg4 16. Rfd1 Nc7 17. Qb2 Ne6 18. Rd2 Bxf3 19. Bxf3 b5 20. Bg4 Ng5 21.
Bxg7 h5 22. Bh6 hxg4 23. Qg7# 1-0

[Event "Championnat de France des Jeunes - Pupillettes"]
[Site "MONTLUCON"]
[Date "2011.04.23"]
[Round "8.6"]
[White "Gtari, Aliya"]
[Black "Mutschler, Marie"]
[Result "1/2-1/2"]
[WhiteElo "1450"]
[BlackElo "1610"]
[PlyCount "108"]

1. e4 c5 2. Nc3 d6 3. g3 Nf6 4. Bg2 g6 5. Nge2 Bg7 6. h3 O-O 7. O-O Nc6 8. d3
Bd7 9. Kh2 Rc8 10. a4 Nd4 11. Be3 Ne8 12. Qd2 a5 13. Bh6 e6 14. Rac1 Qb6 15.
Bxg7 Kxg7 16. Rb1 Qb4 17. Ra1 b5 18. Qd1 bxa4 19. Qc1 Rb8 20. Rb1 Nf6 21. f4
Bc6 22. e5 dxe5 23. fxe5 Nd5 24. Nxd5 Bxd5 25. Bxd5 Nxe2 26. Qe3 Nxg3 27. Qxg3
exd5 28. Qf3 Qd2+ 29. Rf2 Qg5 30. Qxd5 Rbe8 31. Re1 Rc8 32. Qc4 Qe7 33. Qxa4
Rb8 34. Qa3 Qc7 35. Kg1 Qc8 36. Re3 Qc7 37. c3 Qe7 38. Rff3 Qc7 39. Qa2 Rbe8
40. d4 Rb8 41. Re2 Qb6 42. Ref2 cxd4 43. cxd4 Qxd4 44. Rxf7+ Kh6 45. e6 Rxf7
46. exf7 Rf8 47. h4 Kg7 48. Qxa5 Rxf7 49. Qc3 Qxc3 50. Rxf7+ Kxf7 51. bxc3 Ke6
52. Kf2 Kd5 53. Kf3 Kc4 54. Kg4 h6 1/2-1/2

[Event "Championnat de France des Jeunes - Pupillettes"]
[Site "MONTLUCON"]
[Date "2011.04.23"]
[Round "8.7"]
[White "Bellahcene, Anissa"]
[Black "Malferrari, Sofia"]
[Result "1/2-1/2"]
[WhiteElo "1413"]
[BlackElo "1606"]
[PlyCount "58"]

1. e4 c5 2. c3 Nf6 3. e5 Nd5 4. d4 cxd4 5. cxd4 Nc6 6. Nf3 d6 7. Bc4 Nb6 8.
Bxf7+ Kd7 9. Ng5 Kc7 10. Bb3 Qd7 11. Nf7 Rg8 12. Nxd6 e6 13. Nc3 Bxd6 14. Nb5+
Kb8 15. Nxd6 Ne7 16. Qg4 Ned5 17. Bd2 Rf8 18. Rc1 g6 19. Ba5 Rf4 20. Qh3 Rxd4
21. Bxb6 axb6 22. Nxc8 Re4+ 23. Kf1 Qb5+ 24. Kg1 Qe2 25. g3 Nf4 26. gxf4 Rxf4
27. f3 Qe3+ 28. Kg2 Qe2+ 29. Kg1 Qe3+ 1/2-1/2

[Event "Championnat de France des Jeunes - Pupillettes"]
[Site "MONTLUCON"]
[Date "2011.04.23"]
[Round "8.8"]
[White "Le Bihan, Alison"]
[Black "Beda, Salome"]
[Result "0-1"]
[WhiteElo "1600"]
[BlackElo "1437"]
[PlyCount "130"]

1. c4 Nf6 2. Nf3 e6 3. g3 d5 4. d4 Be7 5. Bg2 O-O 6. O-O dxc4 7. Qa4 a6 8. Qxc4
b5 9. Qc2 Bb7 10. Bf4 Bd6 11. Bxd6 cxd6 12. Nbd2 Nbd7 13. Rac1 Rc8 14. Qd3 Re8
15. Rfd1 Nb6 16. b3 e5 17. dxe5 dxe5 18. Qxd8 Rcxd8 19. Rc7 Rd7 20. Rdc1 Ba8
21. Nf1 Nfd5 22. Rxd7 Nxd7 23. Bh3 N7b6 24. Ne3 f6 25. Nf5 Bb7 26. Nd6 Re7 27.
Nxb7 Rxb7 28. Be6+ Kf8 29. Bc8 Rc7 30. Rxc7 Nxc7 31. Bf5 h6 32. e4 b4 33. Nd2
Nb5 34. Nc4 Nxc4 35. bxc4 Nd6 36. Be6 Nxe4 37. Bd5 Nc5 38. Kf1 a5 39. Ke1 Ke7
40. Kd2 Kd6 41. Kc2 f5 42. h4 g5 43. hxg5 hxg5 44. Kd2 a4 45. Bf3 e4 46. Bd1
Ke5 47. Be2 Kd4 48. Kc2 Nd3 49. c5 Nxc5 50. Bb5 Nd3 51. Bxa4 Nxf2 52. Bb5 Ke3
53. Kb3 Nd3 54. Bc6 Kf2 55. g4 e3 56. gxf5 e2 57. f6 e1=Q 58. Bd5 Qc3+ 59. Ka4
Qxf6 60. Bc4 Qc6+ 61. Bb5 Nb2+ 62. Kxb4 Qc8 63. Kb3 Nd1 64. a3 Qc3+ 65. Ka4
Nb2# 0-1

[Event "Championnat de France des Jeunes - Pupillettes"]
[Site "MONTLUCON"]
[Date "2011.04.23"]
[Round "8.9"]
[White "Leguet, Alexia"]
[Black "Leriche, Ines"]
[Result "0-1"]
[WhiteElo "1440"]
[BlackElo "1585"]
[PlyCount "56"]

1. e4 c6 2. d4 d5 3. exd5 cxd5 4. Nf3 Nc6 5. Bd3 Bg4 6. c3 Qc7 7. Bb5 Nf6 8.
O-O e6 9. Be3 Bd6 10. Bxc6+ Qxc6 11. Nbd2 O-O 12. Qc2 Qc7 13. h3 Bf5 14. Qb3
Rab8 15. c4 dxc4 16. Nxc4 Be7 17. Rac1 Nd5 18. Nce5 Qd6 19. Rc4 Bf6 20. Rfc1
Rfd8 21. Bd2 Be4 22. a3 Bxf3 23. Nxf3 Nb6 24. Rb4 Rd7 25. Rd1 Rbd8 26. Be3 Qe7
27. Kh2 e5 28. Qd3 e4 0-1

[Event "Championnat de France des Jeunes - Pupillettes"]
[Site "MONTLUCON"]
[Date "2011.04.23"]
[Round "8.10"]
[White "Tournebise, Nikita"]
[Black "Mata, Maria"]
[Result "1-0"]
[WhiteElo "1560"]
[BlackElo "1250"]
[PlyCount "101"]

1. e4 e5 2. Nf3 Nc6 3. Bc4 Bc5 4. b4 Bxb4 5. c3 Bc5 6. O-O Nf6 7. d4 exd4 8.
cxd4 Bb6 9. e5 Ng4 10. Nc3 O-O 11. Bg5 Qe8 12. h3 Nh6 13. Ne4 Nf5 14. Be3 Nxe3
15. fxe3 d6 16. Nfg5 Be6 17. d5 Bxe3+ 18. Kh1 Bxg5 19. Nxg5 Nxe5 20. dxe6 fxe6
21. Nxe6 Rxf1+ 22. Qxf1 Nxc4 23. Qxc4 Qf7 24. Rf1 d5 25. Rxf7 dxc4 26. Rxg7+
Kh8 27. Rxc7 b5 28. Nd4 a6 29. Nc2 Kg8 30. Nb4 Kf8 31. Rxh7 Kg8 32. Rc7 Kf8 33.
Kg1 a5 34. Nc2 Rd8 35. Na3 Rd2 36. Nxb5 Rxa2 37. Rxc4 a4 38. Nc3 Ra1+ 39. Kh2
a3 40. Ra4 Ke7 41. Nb5 a2 42. Nc3 Rb1 43. Rxa2 Kf6 44. Nxb1 Kg5 45. g3 Kh5 46.
Ra5+ Kg6 47. h4 Kh6 48. g4 Kg6 49. Ra6+ Kg7 50. g5 Kh7 51. h5 1-0